Most Popular Signers of all Time - Statistics

General Stats
  • This quiz has been taken 25 times
  • The average score is 3 of 10
Answer Stats
Answer % Correct
Michael Jackson
96%
Elvis Presley
61%
Celine Dion
26%
Whitney Houston
26%
Freddie Mercury
22%
Aretha Franklin
17%
Lady Gaga
13%
Ariana Grande
9%
Justin Bieber
9%
Charlie Puth
0%
No matching quizzes found
Score Distribution
Percent of People with Each Score
Percentile by Number Answered
Your Score History
You have not taken this quiz